Niečo o ratingu a jeho definíciách

Popri ratingu bankových spoločností je veľmi dôležitý aj rating poisťovacích spoločností, ktorý vyjadruje schopnosť splnenia si záväzkov voči poisteným klientom. Príspevok vyjadruje definíciu ratingových tried. Ratingová trieda je určená predovšetkým ako ukazovateľ pre ochranu investorov pred invest...

Full description

Saved in:
Bibliographic Details
Main Author: Mužila, Cyril
Format: Book Chapter
Language:Slovak
Subjects:
Tags: Add Tag
No Tags, Be the first to tag this record!

MARC

LEADER 00000naa a2200000 4500
001 r043516
005 20230918114102.7
041 0 |a slo 
044 |a SK 
245 1 0 |a Niečo o ratingu a jeho definíciách  |c Cyril Mužila 
520 |a Popri ratingu bankových spoločností je veľmi dôležitý aj rating poisťovacích spoločností, ktorý vyjadruje schopnosť splnenia si záväzkov voči poisteným klientom. Príspevok vyjadruje definíciu ratingových tried. Ratingová trieda je určená predovšetkým ako ukazovateľ pre ochranu investorov pred investovaním do zraniteľných spoločností a ochrana klientov pred uzatváraním poistných zmlúv u spoločností, ktoré nie sú schopné splniť tieto svoje záväzky. Poisťovacia spoločnosť Standard and Poor's Rating a jej ratingové hodnotenie. 
610 2 0 |a rating 
610 2 0 |a poisťovníctvo 
610 2 0 |a poisťovne 
610 2 0 |a Standard & Poors 
100 1 |a Mužila, Cyril